000 01149 a2200241 4500
001 60439
005 20260407155855.0
008 260407a2003 arg spa d
003 AR-UNSa-BCEJYS
040 _aAR-UNSa-BCEJYS
_bspa
_cAR-UNSa-BCEJYS
080 _a007
_xAcción y organización. Información. Teoría de la comunicación y del control en general (cibernética). "Ingeniería humana"
245 1 0 _aLos caminos hacia una sociedad de la información en América Latina y el Caribe
020 _a978-92-1-322191-4
264 1 _aSantiago de Chile :
_bCEPAL (Comisión Económica para América Latina y el Caribe)
_c2003
300 _a121 p.
_c23 cm.
505 _a1. Definiciones y principios fundamentales de una sociedad de la información - 2. La transición de América Latina y el Caribe hacia una sociedad de la información – 3. Una agenda de política pública en América Latina y el Caribe -
041 _aspa
942 _cBK
590 _aniveau_biblio:m niveau_hierar:0
100 1 _aKatz, Jorge
700 1 _aHilbert, Martín
700 1 _aNaciones Unidas. Comisión Económica para América Latina y el Caribe (CEPAL)
999 _c6992
_d6992